Full Names of U.S. Presidents - Statistics

General Stats
  • This quiz has been taken 437 times
    106 since last reset
  • The average score is 26 of 47
Answer Stats
Term President % Correct
2025- Donald John Trump
98%
2017-2021 Donald John Trump
80%
2009-2017 Barack Hussein Obama II
78%
2001-2009 George Walker Bush
76%
2021-2025 Joseph "Joe" Robinette Biden, Jr.
73%
1933-1945 Franklin Delano Roosevelt
72%
1989-1993 George Herbert Walker Bush
72%
1961-1963 John Fitzgerald Kennedy
71%
1945-1953 Harry S. (Shipp or Solomon) Truman
70%
1963-1969 Lyndon Baines Johnson
65%
1993-2001 William "Bill" Jefferson Clinton (William Jefferson Blythe III)
65%
1789-1797 George Washington
62%
1797-1801 John Adams, Jr.
62%
1825-1829 John Quincy Adams
62%
1801-1809 Thomas Jefferson
62%
1809-1817 James Madison, Jr.
61%
1953-1961 Dwight David Eisenhower
60%
1817-1825 James Monroe
59%
1837-1841 Martin Van Buren
59%
1841 William Henry Harrison
59%
1829-1837 Andrew Jackson
57%
1861-1865 Abraham Lincoln
54%
1977-1981 James "Jimmy" Earl Carter, Jr.
54%
1969-1974 Richard Milhous Nixon
54%
1857-1861 James Buchanan, Jr.
52%
1865-1869 Andrew Johnson
51%
1909-1913 William Howard Taft
51%
1841-1845 John Tyler, Jr.
50%
1981-1989 Ronald Wilson Reagan
50%
1901-1909 Theodore Roosevelt, Jr.
49%
1850-1853 Millard Fillmore
46%
1849-1850 Zachary Taylor
46%
1853-1857 Franklin Pierce
45%
1869-1877 Ulysses S. (Simpson) Grant (Hiram Ulysses Grant)
45%
1897-1901 William McKinley, Jr.
44%
1889-1893 Benjamin Harrison
43%
1923-1929 John Calvin Coolidge, Jr.
41%
1974-1977 Gerald Rudolph Ford, Jr. (Leslie Lynch King, Jr.)
40%
1913-1921 Thomas Woodrow Wilson
40%
1845-1849 James Knox Polk
39%
1929-1933 Herbert Clark Hoover
37%
1881-1885 Chester Alan Arthur
35%
1893-1897 Stephen Grover Cleveland
34%
1885-1889 Stephen Grover Cleveland
34%
1921-1923 Warren Gamaliel Harding
34%
1877-1881 Rutherford Birchard Hayes
32%
1881 James Abram Garfield
30%
No matching quizzes found
Score Distribution
Percent of People with Each Score
Percentile by Number Answered
Your Score History
You have not taken this quiz since the last reset